000 00788nam a22001937a 4500
999 _c28703
_d28703
003 BDDh-ASL
005 20231016062619.0
008 220501s1986 b ||||| |||| 00| 0 b d
040 _cBDDh-ASL
082 _a920.71
_bTES
100 1 _96193
_aতেজসানন্দ, স্বামী
245 1 _aশ্রীরামকৃষ্ণ জীবনী:
_b(লীলাপ্রসঙ্গ অবলম্বনে) /
246 _a ‍Sreeramkrisna Jiboni
260 _aঢাকা:
_bশ্রীরামকৃষ্ণ মঠ,
_c১৯৮৬।
300 _a১৯২ পৃষ্ঠা:
_c১৮ সে.মি.
600 1 0 _96194
_aশ্রীরামকৃষ্ণ
650 0 _abiographical dictionary - চরিতাভিধান
_94665
942 _2ddc
_cBK